Predpoklady reverznej logistiky na dosiahnutie cieľov environmentálnej politiky

Plánovanie ako funkcia manažmentu distribúcie. Vzťah medzi stratégiou podniku a logistickými cieľmi. Synergia ekonómie a životného prostredia. Princípy environmentálnej politiky Európskej únie. Nástroje environmentálnej politiky. Dobrovoľné nástroje. Normy používané v organizáciách pri zavádzaní env...

ver descrição completa

Na minha lista:
Detalhes bibliográficos
Autor principal: Ralbovský, Andrej, 1991-
Formato: Capítulo de Livro
Idioma:eslovaco
Assuntos:
Tags: Adicionar Tag
Sem tags, seja o primeiro a adicionar uma tag!

MARC

LEADER 00000naa$a2200000$$$4500
001 0225292
005 20240502073707.7
041 0 |a slo 
044 |a SK 
245 1 0 |a Predpoklady reverznej logistiky na dosiahnutie cieľov environmentálnej politiky  |c Andrej Ralbovský 
520 |a Plánovanie ako funkcia manažmentu distribúcie. Vzťah medzi stratégiou podniku a logistickými cieľmi. Synergia ekonómie a životného prostredia. Princípy environmentálnej politiky Európskej únie. Nástroje environmentálnej politiky. Dobrovoľné nástroje. Normy používané v organizáciách pri zavádzaní environmentálneho manažérstva. Prínosy zo zavedenia EMAS. Reverzná logistika. 
610 2 0 |a logistika 
610 2 0 |a logistika reverzná 
610 2 0 |a politika environmentálna 
610 2 0 |a ochrana prostredia životného 
610 2 0 |a systémy environmentálne manažérske 
610 2 0 |a normy ISO 
100 1 |a Ralbovský, Andrej, 1991-